[Event "BEM-ch U14"]
[Site "Vaihingen/Enz"]
[Date "2003.02.01"]
[Round "5"]
[White "Reichert, Jana"]
[Black "Pfisterer, Nicolai"]
[Result "0-1"]
[WhiteElo "953"]
[BlackElo "1073"]
[PlyCount "54"]
[EventDate "2003.01.??"]
[EventType "swiss"]
[EventRounds "7"]
[EventCountry "GER"]
[SourceTitle "EXT 2005"]
[Source "ChessBase"]
[SourceDate "2004.11.15"]
[SourceVersion "1"]
[SourceVersionDate "2004.11.15"]
[SourceQuality "1"]

1. e4 e5 2. Nf3 Bd6 3. d4 exd4 4. Qxd4 Nf6 5. Bg5 Nc6 6. Qc3 Qe7 7. Bd3 Ne5 8. Nbd2 h6 9. Bf4 Nxf3+ 10. Nxf3 Bxf4 11. Qd4 d6 12. Nd2 Be5 13. Qb4 c5 14. Qb3 Be6 15. Bc4 Bxc4 16. Qa4+ b5 17. Qa3 0-0 18. Rb1 b4 19. Qe3 d5 20. Nxc4 dxc4 21. b3 Bd4 22. Qe2 Qxe4 23. Qxe4 Nxe4 24. bxc4 Bc3+ 25. Ke2 Rfe8 26. Kd1 Nxf2+ 27. Kc1 Nxh1 0-1